000 00448nam a2200169Ia 4500
999 _c7476
_d7476
020 _a9788179753972
082 _a320.954 MOH-V
100 _aMohan, Surender
245 0 _aVartmaan rajniti ki jwalant chunautiyan
260 _aNew Delhi
_bAnamika Publishers
_c2011
300 _a222
650 _aPolitical science
_zIndia
650 _aCapitalism
_zIndia
650 _aIndia
_vPolitics and Government
650 _aInsurgency
_zIndia
942 _cBK